Eutanasia; morir de otra manera /
Guardado en:
| Formato: | Libro |
|---|---|
| Publicado: |
:
, 0
|
| Etiquetas: |
Agregar Etiqueta
Sin Etiquetas, Sea el primero en etiquetar este registro!
|
| LEADER | 00343nam a22001335a 4500 | ||
|---|---|---|---|
| 001 | CEM.cems009143 | ||
| 005 | 20060214000000.0 | ||
| 008 | 130507b######################000#0#####d | ||
| 003 | CEMS | ||
| 082 | 0 | 4 | |a F611 |
| 245 | 0 | 0 | |a Eutanasia; morir de otra manera / |
| 260 | |a : |b , 0 | ||
| 300 | |a 2 p.1 | ||
| 859 | |a CEMS |b BIB. CEMS - 11 de abril |h F611 |i 14 |p 1401.44 |t Ej.1 | ||
